| 000 | 01450cam a2200349 a 4500 | ||
|---|---|---|---|
| 001 | 28216 | ||
| 003 | Mx-PuUPA | ||
| 005 | 20250612150358.0 | ||
| 008 | 140415s2004 mx gr 001 0 spa d | ||
| 020 | _a9682317894 | ||
| 040 |
_cMx-PuUPA _aMx-PuUPA _bspa _dMx-PuUPA _erda |
||
| 041 | 1 |
_aspa _hita |
|
| 100 | 1 |
_aCerroni, Umberto _95620 _eautor |
|
| 240 | 1 | 0 |
_aPolitica : metodo, teorie, processi, soggetti, istituzioni e categorie. _lEspañol |
| 245 | 1 | 0 |
_aPolítica : _bmétodo, teorías, procesos, sujetos, instituciones y categorías / _cUmberto Cerroni ; traducción, Alejandro Reza |
| 250 |
_aCuarta edición / _ben español |
||
| 264 | 1 |
_aMéxico, D.F. : _bSiglo Veintiuno Editores, _c2004 |
|
| 300 |
_a190 páginas; _c21 cm |
||
| 336 |
_2rdacontent _atexto _btxt |
||
| 337 |
_2rdamedia _asin medio _bn |
||
| 338 |
_2rdacarrier _avolumen _bnc |
||
| 650 | 7 |
_2armarc _aPolítica _xFilosofía _vTratados, manuales, etc. |
|
| 650 | 7 |
_2armarc _aCiencias políticas _xFilosofía |
|
| 650 | 7 |
_2armarc _aCiencias políticas _xHistoria |
|
| 655 | 4 | _aTratados, manuales, etc. | |
| 700 | 1 |
_aReza, Alejandro, _etraductor _915924 |
|
| 765 | 0 |
_aCerroni, Umberto _tPolitica - metodo, teorie, processi, soggetti, istituzioni e categorie _bPrimera edición _dRoma : La nuova Italia cientifica, 1986 |
|
| 942 |
_2ddc _cLI _h320.01 _iC4518 |
||
| 999 |
_c28216 _d28216 |
||